[Event "Ch Croatia (juniors) (under 17)"]
[Site "masterchessopen.com Bjelolasica (Croatia)"]
[Date "2009.07.27"]
[Round "3"]
[White "Dzaja Martin Zorislav (CRO)"]
[Black "Zagorac Mario (CRO)"]
[Result "1-0"]
[WhiteElo "1655"]
[BlackElo "1852"]

1.e4 c5 2.Nf3 Nc6 3.d4 cxd4 4.Nxd4 d6 5.Nc3 Nf6 6.Bg5 e6 7.Qd2 Be7 8.f4 O-O
9.Bc4 a6 10.Nxc6 bxc6 11.O-O-O d5 12.e5 Nd7 13.Bxe7 Qxe7 14.Bb3 Nc5 15.g4
Nxb3+ 16.axb3 c5 17.Rhf1 Rb8 18.f5 d4 19.f6 dxc3 20.Qg5 {#r} 1-0

[Event "It (young masters)"]
[Site "masterchessopen.com Enschede (Netherlands)"]
[Round "1"]
[White "Otte Marijn (NED)"]
[Black "Melia Salome (GEO)"]
[Result "1-0"]
[WhiteElo "2298"]
[BlackElo "2441"]

1.e4 c5 2.Nf3 d6 3.d4 cxd4 4.Nxd4 Nf6 5.Nc3 Nc6 6.Bg5 e6 7.Qd2 Qb6 8.Nb3 Be7
9.O-O-O O-O 10.f3 Rd8 11.h4 d5 12.exd5 Nxd5 13.Bxe7 Ndxe7 14.Bd3 Nf5 15.g4 Nd6
16.h5 a5 17.h6 g6 18.Qf4 a4 19.Nxa4 Qb4 20.Qxb4 Nxb4 21.Nb6 Rxa2 22.Kb1 Ra7
23.c4 e5 24.c5 Ne8 25.Bb5 Rxd1+ 26.Rxd1 Be6 27.Rd8 f6 28.Bxe8 {#r} 1-0

[Event "It (open)"]
[Site "masterchessopen.com Ricany (Czech Republic)"]
[Date "2009.08.28"]
[Round "8"]
[White "Krasnay Peter (SVK)"]
[Black "Marsalek Lubos (CZE)"]
[Result "0-1"]
[WhiteElo "2088"]
[BlackElo "1955"]

1.e4 c5 2.Nf3 Nc6 3.d4 cxd4 4.Nxd4 Nf6 5.Nc3 d6 6.Bg5 e6 7.Qd2 Be7 8.O-O-O
Nxd4 9.Qxd4 O-O 10.h4 Qa5 11.f3 Bd7 12.g4 Bc6 13.Be3 b5 14.Kb1 b4 15.Ne2 e5
16.Qd2 d5 17.Ng3 Rfd8 18.Bd3 dxe4 19.fxe4 Nxe4 20.Nxe4 Bxe4 21.Rhf1 Bd5 22.b3
e4 23.Rf5 Qa3 24.Bg5 exd3 25.Rxd5 Rxd5 26.Bxe7 Re8 27.Qg2 Re5 28.Bg5 Re2 {#R}
0-1

[Event "Ch Romania (team)"]
[Site "masterchessopen.com Eforie Nord (Romania)"]
[Date "2009.09.27"]
[Round "9"]
[White "Timoshenko Georgy (UKR)"]
[Black "Shishkin Vadim (UKR)"]
[Result "1-0"]
[WhiteElo "2556"]
[BlackElo "2507"]

1.e4 c5 2.Nf3 Nc6 3.d4 cxd4 4.Nxd4 Nf6 5.Nc3 d6 6.Bg5 e6 7.Qd2 Qb6 8.O-O-O
Qxd4 9.Qxd4 Nxd4 10.Rxd4 a6 11.f3 Bd7 12.Bc4 Bc6 13.Bb3 {#r} 1-0

[Event "Ch Europe (team)"]
[Site "masterchessopen.com Novi Sad (Serbia)"]
[Date "2009.10.23"]
[Round "2"]
[White "Malisauskas Vidmantas (LTU)"]
[Black "Shengelia Davit (AUT)"]
[Result "0-1"]
[WhiteElo "2489"]
[BlackElo "2586"]

1.e4 c5 2.Nf3 Nc6 3.d4 cxd4 4.Nxd4 Nf6 5.Nc3 d6 6.Bg5 e6 7.Qd2 Be7 8.O-O-O
Nxd4 9.Qxd4 a6 10.Kb1 Bd7 11.f4 Bc6 12.f5 h6 13.Bc1 e5 14.Qd3 b5 15.Qf3 Qc7
16.g4 Rc8 17.Bd3 Qb7 18.Qe2 Rb8 19.h4 b4 20.Bxa6 Qa8 21.Nb5 Kd7 22.Nxd6 Bxd6
23.Qc4 Ke7 24.Rxd6 Kxd6 25.Rd1+ Kc7 26.Qxf7+ Nd7 27.Bc4 Rhd8 28.Qxg7 b3
29.Bxb3 Bxe4 {#R} 0-1

[Event "It"]
[Site "masterchessopen.com Recife (Brazil)"]
[Date "2009.10.24"]
[Round "3"]
[White "Santiago Yago De Moura (BRA)"]
[Black "Fernando Diogo (POR)"]
[Result "0-1"]
[WhiteElo "2327"]
[BlackElo "2488"]

1.e4 c5 2.Nf3 d6 3.d4 cxd4 4.Nxd4 Nf6 5.Nc3 Nc6 6.Bg5 e6 7.Qd2 Qb6 8.Bxf6 gxf6
9.Nb3 a6 10.O-O-O Qc7 11.f4 b5 12.Kb1 Bd7 13.Bd3 h5 14.h4 b4 15.Ne2 a5 16.Rhf1
a4 17.Nbc1 Rg8 18.f5 Rxg2 19.Rg1 Rxg1 20.Rxg1 Qb6 21.Rg8 O-O-O 22.Ng3 a3
23.Nxh5 Kc7 24.Rg2 Qd4 25.c3 bxc3 26.bxc3 Qe5 27.Ng3 Na5 28.Bc2 Rb8+ 29.Ka1
Bh6 {#R} 0-1

[Event "Extraliga 2009/10"]
[Site "masterchessopen.com Slovakia"]
[Date "2009.10.25"]
[Round "2"]
[White "Antoniewski Rafal (POL)"]
[Black "Likavsky Tomas (SVK)"]
[Result "1-0"]
[WhiteElo "2535"]
[BlackElo "2484"]

1.e4 c5 2.Nc3 Nc6 3.Nf3 d6 4.d4 cxd4 5.Nxd4 Nf6 6.Bg5 e6 7.Qd2 Be7 8.O-O-O Qb6
9.Nb3 O-O 10.f3 a6 11.g4 Rd8 12.Be3 Qc7 13.Qf2 Nd7 14.Kb1 b5 15.g5 b4 16.Ne2
a5 17.h4 a4 18.Nbd4 Ba6 19.Nxc6 Qxc6 20.Nd4 Qb7 21.h5 Nc5 22.g6 b3 23.gxf7+
Kxf7 24.cxb3 axb3 25.a3 Bf6 26.Bxa6 Rxa6 27.Qe2 Rda8 28.Nb5 Na4 29.Nxd6+ Rxd6
30.Rxd6 Bxb2 31.Qd3 Kg8 32.Rd8+ {#r} 1-0

[Event "Ch World (juniors) (under 20)"]
[Site "masterchessopen.com Puerto Madryn (Argentina)"]
[Date "2009.10.26"]
[Round "6"]
[White "Lovik Lasse Ostebo (NOR)"]
[Black "Aguinaga Maximiliano (ARG)"]
[Result "1-0"]
[WhiteElo "2296"]
[BlackElo "2002"]

1.e4 c5 2.Nf3 d6 3.d4 cxd4 4.Nxd4 Nf6 5.Nc3 Nc6 6.Bg5 e6 7.Qd2 Be7 8.O-O-O
Nxd4 9.Qxd4 O-O 10.f3 a6 11.h4 b5 12.a3 Bb7 13.h5 h6 14.Be3 Rc8 15.g4 Nd7
16.Rg1 Ne5 17.Be2 Nc4 18.Bxc4 Rxc4 19.Qd2 Qa5 20.g5 hxg5 21.Bxg5 f6 22.Bh6
Rfc8 23.Rxg7+ Kf8 24.Rxe7+ {#r} 1-0

[Event "Tournament \"]
[Site "masterchessopen.com Habana (Cuba)"]
[Date "2009.11.11"]
[Round "7"]
[White "Calvo Jose Manuel"]
[Black "Montero Reynier (CUB)"]
[Result "0-1"]
[WhiteElo "2160"]
[BlackElo "2160"]

1.e4 c5 2.Nf3 Nc6 3.d4 cxd4 4.Nxd4 Nf6 5.Nc3 d6 6.Bg5 e6 7.Qd2 Be7 8.O-O-O O-O
9.f3 d5 10.exd5 Nxd5 11.Nxc6 bxc6 12.Bxe7 Qxe7 13.Bd3 Rb8 14.Ne4 f5 15.Ng3 f4
16.Ne4 c5 17.Rde1 Bb7 18.Nc3 Ne3 19.Nd1 c4 20.Be4 Bxe4 21.fxe4 c3 22.Nxc3 Rfd8
23.Nd5 exd5 24.exd5 Qe5 25.c3 Rxd5 26.Qf2 Rdb5 27.Re2 Qxc3+ 28.bxc3 Rb1+ {#R}
0-1

[Event "Ch Azerbaijan"]
[Site "masterchessopen.com Baku (Azerbaijan)"]
[Date "2010.01.29"]
[Round "9"]
[White "Safarli Eltaj (AZE)"]
[Black "Bajarani Ulvi (AZE)"]
[Result "1-0"]
[WhiteElo "2607"]
[BlackElo "2408"]

1.e4 c5 2.Nf3 d6 3.d4 cxd4 4.Nxd4 Nf6 5.Nc3 Nc6 6.Bg5 e6 7.Qd2 Qb6 8.Nb3 Be7
9.O-O-O O-O 10.f3 a6 11.Kb1 Rd8 12.Be3 Qc7 13.Qf2 Nd7 14.h4 b5 15.h5 Bb7
16.Qg3 Bf8 17.Bh6 Kh8 18.Bg5 Rdc8 19.h6 g6 20.a3 Rab8 21.Bxb5 axb5 22.Nxb5 Qb6
23.Nxd6 Kg8 24.Nxc8 Bxc8 25.Rd3 Qb5 26.Rhd1 Nc5 27.Rd8 Nxd8 28.Rxd8 Nd7 29.a4
Qb6 30.Be7 {#r} 1-0

[Event "Ch City (open)"]
[Site "masterchessopen.com Belgrade (Serbia)"]
[Round "9"]
[White "Damjanovic Lazar (SRB)"]
[Black "Milenkovic Aleksandar (SRB)"]
[Result "0-1"]
[WhiteElo "2100"]
[BlackElo "1902"]

1.e4 c5 2.Nc3 Nc6 3.Nge2 d6 4.d4 cxd4 5.Nxd4 Nf6 6.Bg5 e6 7.Qd2 h6 8.Bf4 Nxd4
9.Qxd4 e5 10.Bxe5 dxe5 11.Qxe5+ Be7 12.Bb5+ Kf8 13.O-O a6 14.Rad1 Qa5 15.b4
Qxb4 16.Ba4 Be6 17.Rb1 Bd6 18.Rxb4 Bxe5 19.Nd5 Nxd5 20.exd5 Bxd5 21.Rd1 Bxa2
22.Rxb7 g6 23.g3 Kg7 24.f4 Bf6 25.g4 Rhd8 26.Bd7 Rab8 27.Rc7 Rb1 28.Rxb1 Bxb1
29.c4 Bd4+ 30.Kg2 Be4+ 31.Kg3 Bb6 {#R} 0-1

[Event "Ch State Sao Paulo (team)"]
[Site "masterchessopen.com Sao Paulo (Brazil)"]
[Date "2010.02.20"]
[Round "2"]
[White "De Oliveira Jr Jose Roberto (BRA)"]
[Black "Coelho Luis (BRA)"]
[Result "0-1"]
[WhiteElo "2014"]
[BlackElo "2381"]

1.Nf3 c5 2.e4 Nc6 3.d4 cxd4 4.Nxd4 Nf6 5.Nc3 d6 6.Bg5 e6 7.Qd2 Be7 8.O-O-O
Nxd4 9.Qxd4 O-O 10.f3 a6 11.h4 b5 12.Kb1 Bb7 13.g4 Rc8 14.a3 Qc7 15.Bd3 Rfd8
16.h5 h6 17.Bd2 d5 18.e5 Ne4 {#R} 0-1

[Event "Ch Slovakia (juniors) (under 14)"]
[Site "masterchessopen.com Ruzomberok (Slovakia)"]
[Date "2010.02.21"]
[Round "1"]
[White "Adamciak Tomas"]
[Black "Jozefek Michal"]
[Result "0-1"]
[WhiteElo "1574"]
[BlackElo "1887"]

1.e4 c5 2.Nf3 d6 3.d4 cxd4 4.Nxd4 Nf6 5.Nc3 Nc6 6.Bg5 e6 7.Qd2 Be7 8.Be2 h6
9.Be3 Bd7 10.f4 Nxd4 11.Bxd4 Bc6 12.Bf3 Qa5 13.O-O Rd8 14.Rad1 O-O 15.Qf2 b6
16.Rd2 d5 17.exd5 Bxd5 18.Bxd5 Nxd5 19.a3 Rd7 20.Nxd5 Rxd5 21.Rfd1 Rfd8 22.Kh1
Bf6 23.c3 Qb5 24.b4 Qa6 25.g3 Qxa3 26.Bxf6 Rxd2 27.Rxd2 Qc1+ {#R} 0-1

[Event "It (sheveningen)"]
[Site "masterchessopen.com Ankara (Turkey)"]
[Date "2010.02.24"]
[Round "5"]
[White "Erdogdu Mert (TUR)"]
[Black "Yakovich Yuri (RUS)"]
[Result "0-1"]
[WhiteElo "2428"]
[BlackElo "2547"]

1.e4 c5 2.Nf3 Nc6 3.d4 cxd4 4.Nxd4 Nf6 5.Nc3 d6 6.Bg5 e6 7.Qd2 Be7 8.O-O-O a6
9.f3 O-O 10.h4 Nxd4 11.Qxd4 b5 12.Kb1 Bb7 13.Qd2 Rc8 14.Ne2 Re8 15.Bxf6 Bxf6
16.Qxd6 Bxh4 17.Nc3 Qxd6 18.Rxd6 Bg3 19.Rd7 Rc7 20.Rxc7 Bxc7 21.Bd3 g6 22.a4
b4 23.Na2 a5 24.c3 Rd8 25.Rd1 b3 26.Nc1 Ba6 27.Be2 Rxd1 28.Bxd1 Bf1 29.g4 h5
30.Be2 Bxe2 31.Nxe2 h4 32.Ng1 Bb6 33.Nh3 Be3 {#R} 0-1

[Event "Ch Czech Republic (juniors) (under 20)"]
[Site "masterchessopen.com Kouty nad Desnou (Czech Republic)"]
[Date "2010.03.11"]
[Round "9"]
[White "Bures Jaroslav (CZE)"]
[Black "Nguyen Dinh Phong"]
[Result "1-0"]
[WhiteElo "2370"]
[BlackElo "2192"]

1.e4 c5 2.Nf3 d6 3.d4 cxd4 4.Nxd4 Nf6 5.Nc3 Nc6 6.Bg5 e6 7.Qd2 Be7 8.O-O-O O-O
9.f3 Nxd4 10.Qxd4 a6 11.h4 b5 12.h5 h6 13.Be3 Rb8 14.e5 dxe5 15.Qxe5 Bd7
16.Rh3 b4 17.Ne4 Nxe4 18.Qxe4 Kh8 19.Rg3 Bh4 20.Rxd7 Qxd7 21.Qxh4 Rbd8 22.Bd3
f5 23.Rg6 f4 24.Bxf4 Qd4 25.Bxh6 Qxh4 26.Bxg7+ Kh7 27.Rg4+ Rxd3 28.Rxh4 Rc8
29.Bf6 a5 30.Re4 Kg8 31.h6 Kf7 32.h7 {#r} 1-0

[Event "Ch Colombia (juniors) (under 16)"]
[Site "masterchessopen.com Bogota (Colombia)"]
[Date "2010.04.01"]
[Round "8"]
[White "Jaramillo Ochoa Mateo"]
[Black "Valencia Adrian David (COL)"]
[Result "0-1"]
[WhiteElo "1977"]
[BlackElo "1901"]

1.e4 c5 2.Nf3 Nc6 3.d4 cxd4 4.Nxd4 Nf6 5.Nc3 d6 6.Bg5 e6 7.Qd2 h6 8.Bxf6 Qxf6
9.Ndb5 Qd8 10.O-O-O Be7 11.Nxd6+ Kf8 12.Qf4 Bg5 {#R} 0-1

[Event "It (open) \"]
[Site "masterchessopen.com Frydek-Mistek (Czech Republic)"]
[Date "2010.04.04"]
[Round "8"]
[White "Jones Steven (ENG)"]
[Black "Nguyen Dinh (CZE)"]
[Result "1-0"]
[WhiteElo "1798"]
[BlackElo "2204"]

1.e4 c5 2.Nf3 d6 3.d4 cxd4 4.Nxd4 Nf6 5.Nc3 Nc6 6.Bg5 e6 7.Qd2 Be7 8.O-O-O O-O
9.Nb3 a5 10.Bxf6 Bxf6 11.Qxd6 Qb6 12.Qd3 Qc7 13.Na4 Be7 14.Qc3 Rb8 15.Qg3 e5
16.Bb5 Be6 17.Kb1 Rfc8 18.Nc3 Na7 19.Qd3 a4 20.Bxa4 Bc4 21.Qd7 b5 22.Qxc7 Rxc7
23.Bxb5 Nxb5 24.Nd5 Bxd5 25.exd5 Nd6 26.Rhe1 f6 27.Na5 Kf7 28.Nc6 Rbb7 29.Re3
Nc4 30.Rb3 Bd6 31.Nd8+ {#r} 1-0

[Event "It (open)"]
[Site "masterchessopen.com Voronezh (Russia)"]
[Date "2010.06.13"]
[Round "1"]
[White "Turutin Alexander (RUS)"]
[Black "Rysbayeva Aigerim (KAZ)"]
[Result "1-0"]
[WhiteElo "2392"]
[BlackElo "2163"]

1.e4 c5 2.Nf3 d6 3.d4 cxd4 4.Nxd4 Nf6 5.Nc3 Nc6 6.Bg5 e6 7.Qd2 Qb6 8.O-O-O
Qxd4 9.Qxd4 Nxd4 10.Rxd4 a6 11.Be2 Bd7 12.Rhd1 Bc6 13.f4 Be7 14.Bf3 h6 15.Bxf6
gxf6 16.f5 Rg8 17.Ne2 Rg5 18.h4 Rg8 19.R4d2 Bd7 20.Nf4 O-O-O 21.Bh5 Rg7 22.Re1
Kb8 23.Rde2 Bc8 24.fxe6 fxe6 25.Ng6 Rdg8 26.Nxe7 Rxe7 27.Rf1 Rgg7 28.Rxf6 {#r}
1-0

[Event "It (open) (b)"]
[Site "masterchessopen.com Voronezh (Russia)"]
[Date "2010.06.14"]
[Round "3"]
[White "Polyansky Viktor (RUS)"]
[Black "Prokhoda Nikola (BLR)"]
[Result "1-0"]
[WhiteElo "2028"]
[BlackElo "2200"]

1.e4 c5 2.Nf3 Nc6 3.d4 cxd4 4.Nxd4 d6 5.Nc3 Nf6 6.Bg5 e6 7.Qd2 h6 8.Bxf6 gxf6
9.O-O-O a6 10.f4 Qd7 11.Kb1 b5 12.f5 Be7 13.Nce2 Nxd4 14.Nxd4 e5 15.Nb3 Bb7
16.Bd3 O-O-O 17.Na5 d5 18.Nxb7 Qxb7 19.exd5 Qxd5 20.a4 Kb8 21.axb5 e4 22.Qf4+
Bd6 23.Qxe4 Qxe4 24.Bxe4 axb5 25.Rd5 b4 26.Rhd1 Kc7 27.R1d4 Be7 28.Rc4+ Kb6
29.Rc6+ Kxc6 30.Rxd8+ {#r} 1-0

[Event "It (open)"]
[Site "masterchessopen.com Voronezh (Russia)"]
[Date "2010.06.18"]
[Round "6"]
[White "Revo Tanya (BLR)"]
[Black "Rysbayeva Aigerim (KAZ)"]
[Result "0-1"]
[WhiteElo "1988"]
[BlackElo "2163"]

1.e4 c5 2.Nf3 d6 3.d4 cxd4 4.Nxd4 Nf6 5.Nc3 Nc6 6.Bg5 e6 7.Qd2 Qb6 8.O-O-O a6
9.f4 Be7 10.Nxc6 bxc6 11.e5 dxe5 12.fxe5 Nd5 13.Bxe7 Kxe7 14.Qg5+ Kf8 15.Na4
Qa5 16.c4 h6 17.b4 Qc7 18.Qd2 Qxe5 19.cxd5 cxd5 20.Kb1 Rb8 21.Nc5 Qd6 22.Qd4
Ke7 23.Be2 Rd8 24.Bf3 Kf8 25.a3 a5 26.Rd2 axb4 27.axb4 e5 28.Qxd5 Qg6+ {#R}
0-1

[Event "Ch Brasiliense (1/2 final)"]
[Site "masterchessopen.com Brasilia (Brazil)"]
[Date "2010.06.26"]
[Round "5"]
[White "Domingos Jonathan Meneses (BRA)"]
[Black "Cardoso Junior Cicero Assuncao (BRA)"]
[Result "0-1"]
[WhiteElo "2012"]
[BlackElo "1895"]

1.e4 c5 2.Nf3 Nc6 3.d4 cxd4 4.Nxd4 Nf6 5.Nc3 d6 6.Bg5 e6 7.Qd2 Be7 8.O-O-O O-O
9.Bxf6 Bxf6 10.Nxc6 bxc6 11.f4 d5 12.e5 Be7 13.Ne2 c5 14.g4 Ba6 15.Ng3 Bxf1
16.Rdxf1 c4 17.c3 a5 18.g5 a4 19.a3 Qb6 20.Nh5 Rab8 21.Qc2 Bc5 22.h4 Be3+
23.Kb1 d4 24.cxd4 Bxd4 25.Rh2 Qc6 {#R} 0-1

[Event "Ch Switzerland (team) 2010"]
[Site "masterchessopen.com Switzerland"]
[Date "2010.06.27"]
[Round "5"]
[White "Kurmann Oliver (SUI)"]
[Black "Forster Richard (SUI)"]
[Result "0-1"]
[WhiteElo "2452"]
[BlackElo "2459"]

1.e4 c5 2.Nf3 d6 3.d4 cxd4 4.Nxd4 Nf6 5.Nc3 Nc6 6.Bg5 e6 7.Qd2 Be7 8.O-O-O
Nxd4 9.Qxd4 a6 10.h4 b5 11.e5 dxe5 12.Qxe5 Bd7 13.Ne4 Nxe4 14.Qxe4 f6 15.Be2
fxg5 16.Bh5+ g6 17.Bxg6+ hxg6 18.Qxg6+ Kf8 19.Rh3 g4 20.Qxg4 Bf6 21.Qg6 Ke7
22.Rf3 Rf8 23.c3 Qc7 24.g4 Bc6 25.Re3 Qf4 26.g5 Be5 27.Re1 Be8 28.Qc2 Rd8
29.Kb1 Rd5 30.Qe2 Kd6 31.f3 Bh5 32.Qf2 Bxf3 33.Ka1 Bh5 {#R} 0-1

[Event "Ch Hungary (juniors) (under 12)"]
[Site "masterchessopen.com Budapest (Hungary)"]
[Date "2010.07.02"]
[Round "7"]
[White "Antal Tibor Kende (HUN)"]
[Black "Benedeczky Lehel (HUN)"]
[Result "1-0"]
[WhiteElo "2222"]
[BlackElo "1861"]

1.e4 c5 2.Nf3 Nc6 3.d4 cxd4 4.Nxd4 Nf6 5.Nc3 d6 6.Bg5 e6 7.Qd2 Bd7 8.Ndb5 Qb6
9.O-O-O Ne5 10.f4 Neg4 11.e5 d5 12.exf6 Bc5 13.fxg7 Rg8 14.Qe2 Nf2 15.Nxd5
Be3+ 16.Qxe3 Qxe3+ 17.Nxe3 f6 18.Nc7+ Kf7 19.Rxd7+ Kg6 20.Nxa8 fxg5 21.Bd3+
Kh6 22.Rf1 {#r} 1-0

[Event "It (open)"]
[Site "masterchessopen.com Kowalewo Pomorskie (Poland) "]
[Date "2010.07.04"]
[Round "1"]
[White "Siembab Bartosz (POL)"]
[Black "Tarkowski Michal (POL)"]
[Result "1-0"]
[WhiteElo "2292"]
[BlackElo "2054"]

1.e4 c5 2.Nf3 d6 3.d4 cxd4 4.Nxd4 Nf6 5.Nc3 Nc6 6.Bg5 e6 7.Qd2 Be7 8.O-O-O O-O
9.f3 Nxd4 10.Qxd4 a6 11.Kb1 b5 12.Bd3 Bb7 13.e5 dxe5 14.Qh4 h6 15.Bh7+ Kxh7
16.Rxd8 Rfxd8 17.Ne4 Rd4 18.Bxf6 gxf6 19.Nxf6+ Kg6 20.Qh5+ Kg7 21.c3 Rd2
22.Ne4 Bxe4+ 23.fxe4 Rxg2 24.Rf1 Rg6 25.Qxe5+ Bf6 26.Qf4 Rf8 27.e5 Bg5 28.Qe4
{#r} 1-0

[Event "Memorial Karl Mala (open)"]
[Site "masterchessopen.com Frankfurt (Germany)"]
[Date "2010.07.11"]
[Round "7"]
[White "Lanka Zigurds (LAT)"]
[Black "Ohme Melanie (GER)"]
[Result "1-0"]
[WhiteElo "2465"]
[BlackElo "2311"]

1.e4 c5 2.Nf3 Nc6 3.d4 cxd4 4.Nxd4 Nf6 5.Nc3 d6 6.Bg5 e6 7.Qd2 Qb6 8.Nb3 Be7
9.O-O-O O-O 10.f4 a6 11.Kb1 Rd8 12.Be2 Qc7 13.Bf3 b5 14.h4 Bb7 15.g4 b4 16.Ne2
d5 17.e5 Ne4 18.Qe3 a5 19.Nbd4 a4 20.Nb5 Qa5 21.Bxe4 dxe4 22.Nd6 Ba6 23.Qxe4
Qc5 24.Nd4 Nxd4 25.Bxe7 Ne2 26.Bxd8 Rxd8 27.Nb7 {#r} 1-0

[Event "It (open) \"]
[Site "masterchessopen.com Madrid (Spain)"]
[Date "2010.07.16"]
[Round "4"]
[White "Martinez Lelys (CUB)"]
[Black "Beltran Rueda Santiago (ESP)"]
[Result "1-0"]
[WhiteElo "2507"]
[BlackElo "2375"]

1.e4 c5 2.Nf3 d6 3.d4 cxd4 4.Nxd4 Nf6 5.Nc3 Nc6 6.Bg5 e6 7.Qd2 Be7 8.O-O-O O-O
9.f3 Nxd4 10.Qxd4 a6 11.h4 b5 12.Qd2 Bb7 13.Ne2 Rc8 14.Nd4 Qc7 15.Bd3 Rfd8
16.Qe1 h6 17.Bd2 Nd7 18.Ba5 Nb6 19.Qg1 Qc5 20.Nxb5 {#r} 1-0

[Event "Cup Corporation \"]
[Site "masterchessopen.com Izhevsk (Russia)"]
[Date "2010.07.23"]
[Round "9"]
[White "Kokarev Dmitry (RUS)"]
[Black "Smirnov Alexey (RUS)"]
[Result "1-0"]
[WhiteElo "2623"]
[BlackElo "2414"]

1.e4 c5 2.Nf3 d6 3.d4 cxd4 4.Nxd4 Nf6 5.Nc3 Nc6 6.Bg5 e6 7.Qd2 Be7 8.O-O-O
Nxd4 9.Qxd4 a6 10.Bxf6 gxf6 11.f4 b5 12.Kb1 Bb7 13.Be2 Rc8 14.Rhf1 Qc7 15.Bf3
Qc5 16.Qd2 b4 17.Na4 Qb5 18.b3 a5 19.Be2 Qc6 20.f5 Rc7 21.Rf4 Ba6 22.Bxa6 Qxa6
23.Nb2 Rc5 24.Qf2 Kd7 {#r} 1-0

[Event "It (open)"]
[Site "masterchessopen.com Paleochora (Greece)"]
[Date "2010.07.23"]
[Round "3"]
[White "Iordachescu Viorel (MDA)"]
[Black "Jerez Perez Alfonso (ESP)"]
[Result "1-0"]
[WhiteElo "2632"]
[BlackElo "2418"]

1.e4 c5 2.Nf3 d6 3.d4 cxd4 4.Nxd4 Nf6 5.Nc3 Nc6 6.Bg5 e6 7.Qd2 Be7 8.O-O-O
Nxd4 9.Qxd4 O-O 10.f3 Bd7 11.h4 Bc6 12.Kb1 Qc7 13.Qd2 Rfd8 14.Qe1 Rac8 15.Bd3
b5 16.g4 a5 17.Ne2 b4 18.h5 a4 19.h6 b3 20.cxb3 axb3 21.hxg7 Bb5 22.Nd4 Bxd3+
23.Rxd3 Qc4 24.Qe2 Rc5 25.Be3 bxa2+ 26.Ka1 Kxg7 27.g5 Ng8 28.f4 h6 29.f5 hxg5
30.fxe6 Bf6 31.Qh5 fxe6 32.Rc3 {#r} 1-0

[Event "Ch Vojvodina"]
[Site "masterchessopen.com Novi Sad (Serbia)"]
[Date "2010.07.26"]
[Round "2"]
[White "Pavlovic Nenad (SRB)"]
[Black "Kryakvin Dmitry (RUS)"]
[Result "0-1"]
[WhiteElo "2193"]
[BlackElo "2591"]

1.e4 c5 2.Nf3 Nc6 3.d4 cxd4 4.Nxd4 Nf6 5.Nc3 d6 6.Bg5 e6 7.Qd2 Be7 8.O-O-O
Nxd4 9.Qxd4 O-O 10.Bc4 a6 11.Bb3 b5 12.f4 Rb8 13.Bxf6 gxf6 14.f5 a5 15.a3 Kh8
16.Ne2 Rg8 17.Qd3 a4 18.Ba2 b4 19.axb4 Rxb4 20.c3 Rb6 21.Nf4 Bf8 22.Qh3 a3
23.b4 Qc7 24.Kb1 d5 25.Rhf1 Qe5 26.Nd3 Qxc3 {#R} 0-1

[Event "It (open) (b)"]
[Site "masterchessopen.com Polanica Zdroj (Poland)"]
[Round "8"]
[White "Kwiatkowski Wiktor (POL)"]
[Black "Jasnikowska Malgorzata (POL)"]
[Result "0-1"]
[WhiteElo "1882"]
[BlackElo "1717"]

1.e4 c5 2.Nf3 Nc6 3.d4 cxd4 4.Nxd4 Nf6 5.Nc3 d6 6.Bg5 e6 7.Qd2 Be7 8.O-O-O O-O
9.Ndb5 Qa5 10.f4 Rd8 11.Kb1 a6 12.Nd4 Nxd4 13.Qxd4 b5 14.Bd3 Bb7 15.e5 dxe5
16.Qxe5 Rac8 17.Qe2 Rxc3 18.Bxf6 Bxf6 19.Bxh7+ Kxh7 20.Rxd8 Bxd8 21.bxc3 Bd5
22.Qd3+ Kg8 23.Kc1 Qxa2 24.Rd1 Bf6 25.g3 Qc4 26.Qxc4 Bxc4 27.Kd2 a5 28.Ra1 Bd8
29.g4 Kf8 30.g5 Bb6 31.h4 g6 {#R} 0-1

[Event "It (open)"]
[Site "masterchessopen.com Kavala (Greece)"]
[Date "2010.08.02"]
[Round "4"]
[White "Hess Robert L (USA)"]
[Black "Melia Salome (GEO)"]
[Result "1-0"]
[WhiteElo "2596"]
[BlackElo "2439"]

1.e4 c5 2.Nf3 d6 3.d4 cxd4 4.Nxd4 Nf6 5.Nc3 Nc6 6.Bg5 e6 7.Qd2 Qb6 8.Bxf6 gxf6
9.Nb3 Bd7 10.O-O-O O-O-O 11.f4 Be7 12.Be2 h5 13.Rhf1 Rdg8 14.Bf3 Na5 15.Qe2 h4
16.Kb1 Nxb3 17.axb3 Kb8 18.Rd3 Rd8 19.Rfd1 Bc8 20.Qe1 Qa5 21.Rd4 Rd7 22.Ra4
Qb6 23.Rdd4 a6 24.Rdb4 Qc5 25.Qf1 d5 26.Qxa6 Qg1+ 27.Ka2 Bxb4 28.Qa8+ Kc7
29.Nb5+ Kd8 30.Qxc8+ Ke7 31.Qxh8 dxe4 32.Ra8 {#r} 1-0

[Event "It (open)"]
[Site "masterchessopen.com Kavala (Greece)"]
[Date "2010.08.04"]
[Round "6"]
[White "Zinchenko Yaroslav (UKR)"]
[Black "Mamedov Nidjat (AZE)"]
[Result "0-1"]
[WhiteElo "2543"]
[BlackElo "2592"]

1.e4 c5 2.Nf3 d6 3.d4 cxd4 4.Nxd4 Nf6 5.Nc3 Nc6 6.Bg5 e6 7.Qd2 Qb6 8.Nb3 Be7
9.Bxf6 gxf6 10.a4 Na5 11.Bb5+ Bd7 12.Bxd7+ Kxd7 13.Nd5 exd5 14.Nxa5 dxe4
15.O-O Rac8 16.Rfe1 f5 17.Nb3 Rhg8 18.Qd5 Rxc2 19.Qxf5+ Kd8 20.Nc1 Rg5 21.Qxf7
Qxb2 22.Nd3 Qf6 23.Qxf6 Bxf6 24.Nb4 Rgc5 25.Rab1 Bc3 {#R} 0-1

[Event "It \"]
[Site "masterchessopen.com Chalkidiki (Greece)"]
[Date "2010.08.17"]
[Round "9"]
[White "Tukhaev Adam (UKR)"]
[Black "Radovanovic Jovica (SRB)"]
[Result "1-0"]
[WhiteElo "2550"]
[BlackElo "2305"]

1.e4 c5 2.Nf3 Nc6 3.d4 cxd4 4.Nxd4 Nf6 5.Nc3 d6 6.Bg5 e6 7.Qd2 Be7 8.O-O-O O-O
9.h4 a6 10.Nxc6 bxc6 11.Bc4 d5 12.Bb3 a5 13.f3 Bb7 14.h5 Nxe4 15.Nxe4 dxe4
16.Bxe7 Qxe7 17.h6 Rfd8 18.Qf4 exf3 19.gxf3 e5 20.Rde1 a4 21.Rhg1 axb3
22.Rxg7+ Kf8 23.Rxh7 f6 24.Rxe7 Kxe7 25.Qb4+ {#r} 1-0

[Event "It (open)"]
[Site "masterchessopen.com Iasi (Romania)"]
[Date "2010.08.20"]
[Round "3"]
[White "Doros Radu Marian (ROM)"]
[Black "Jianu Vlad-Cristian (ROM)"]
[Result "0-1"]
[WhiteElo "2331"]
[BlackElo "2504"]

1.e4 c5 2.Nf3 d6 3.d4 cxd4 4.Nxd4 Nf6 5.Nc3 Nc6 6.Bg5 e6 7.Qd2 Be7 8.f3 Nxe4
9.Nxe4 Bxg5 10.Nxg5 Nxd4 11.O-O-O Nc6 12.Qf4 Qf6 13.Qxf6 gxf6 14.Ne4 d5
15.Nxf6+ Ke7 16.Nh5 Bd7 17.f4 Rac8 18.Kb1 Rhg8 19.Rg1 e5 20.Rxd5 Bg4 21.Ng3
exf4 22.Nf5+ Ke6 {#R} 0-1

[Event "Ch Russia (Higher League)"]
[Site "masterchessopen.com Irkutsk (Russia)"]
[Date "2010.08.28"]
[Round "3"]
[White "Loskutov Oleg (RUS)"]
[Black "Kryakvin Dmitry (RUS)"]
[Result "0-1"]
[WhiteElo "2446"]
[BlackElo "2591"]

1.e4 c5 2.Nf3 Nc6 3.d4 cxd4 4.Nxd4 Nf6 5.Nc3 d6 6.Bg5 e6 7.Qd2 Be7 8.Nb3 a6
9.O-O-O b5 10.Bxf6 gxf6 11.f4 Qb6 12.f5 h5 13.Ne2 Qf2 14.Qc3 Bd7 15.fxe6 fxe6
16.Nbd4 Ne5 17.Kb1 Rc8 18.Qa5 Nc4 19.Qxa6 Kf7 20.Nc3 Nd2+ 21.Kc1 Qxd4 22.Rxd2
Qc5 23.Bxb5 Ra8 24.Qb7 Ra7 {#R} 0-1